000 00539nam a2200217Ia 4500
003 OSt
005 20220918192804.0
006 a|||||r|||| 00| 0
007 ta
008 220917b |||||||| |||| 00| 0 eng d
024 _a70,319
037 _cTextual
040 _aARTS
_cARTS
_beng
041 _2eng
_aeng
082 _aR351, J4
100 _aGupta Kalyan Chandra
_980192
245 0 _aMonism
_b a critical survey
260 _c1954
942 _hR351, J4
_cTEXL
_2CC
999 _c196417
_d196417